Štandardizácia kvality v praxi
Štandardizovanie kvality v podniku. Kladenie dôrazu na simultánnosť kvality s návrhom produktu a jeho výrobou. Vplyv štandardizácie na vývoj kvality. Štandardizácia ako systémová práca. Fungovanie štandardizácie.
Saved in:
| Main Author: | |
|---|---|
| Format: | Book Chapter |
| Language: | Slovak |
| Subjects: | |
| Tags: |
No Tags, Be the first to tag this record!
|
MARC
| LEADER | 00000naa$a2200000$$$4500 | ||
|---|---|---|---|
| 001 | 0074608 | ||
| 005 | 20231012065606.6 | ||
| 041 | 0 | |a slo | |
| 044 | |a SK | ||
| 245 | 1 | 0 | |a Štandardizácia kvality v praxi |c Peter Kormanec |
| 520 | |a Štandardizovanie kvality v podniku. Kladenie dôrazu na simultánnosť kvality s návrhom produktu a jeho výrobou. Vplyv štandardizácie na vývoj kvality. Štandardizácia ako systémová práca. Fungovanie štandardizácie. | ||
| 610 | 2 | 0 | |a zákazníci |
| 610 | 2 | 0 | |a kvalita práce |
| 610 | 2 | 0 | |a podnik |
| 610 | 2 | 0 | |a štandardizácia |
| 100 | 1 | |a Kormanec, Peter | |